Relación anual de las cosas que han hecho los padres de la Compañía de Jesus en la India Oriental y Iapon, en los anos de 600 y 601 : (Record no. 1650)
[ view plain ]
| 000 -LEADER | |
|---|---|
| fixed length control field | 01340cam a22003611 4500 |
| 001 - CONTROL NUMBER | |
| control field | data |
| 005 - DATE AND TIME OF LATEST TRANSACTION | |
| control field | 20260322212111.0 |
| 008 - FIXED-LENGTH DATA ELEMENTS--GENERAL INFORMATION | |
| fixed length control field | data |
| 035 ## - SYSTEM CONTROL NUMBER | |
| System control number | 6482286 |
| 010 ## - LIBRARY OF CONGRESS CONTROL NUMBER | |
| LC control number | 48041875 |
| 035 ## - SYSTEM CONTROL NUMBER | |
| -- | (DLC) 48041875 |
| 040 ## - CATALOGING SOURCE | |
| Original cataloging agency | DLC |
| Language of cataloging | eng |
| Transcribing agency | CarP |
| Modifying agency | DLC |
| 043 ## - GEOGRAPHIC AREA CODE | |
| Geographic area code | a-ja--- |
| -- | a-ii--- |
| -- | a-ja--- |
| 050 00 - LIBRARY OF CONGRESS CALL NUMBER | |
| Classification number | BV2290 |
| Item number | .G85 (Rare Bk. Coll.) |
| 100 1# - MAIN ENTRY--PERSONAL NAME | |
| Personal name | Guerreiro, Fernāo, |
| Dates associated with a name | 1550?-1617. |
| 245 10 - TITLE STATEMENT | |
| Title | Relación anual de las cosas que han hecho los padres de la Compañía de Jesus en la India Oriental y Iapon, en los anos de 600 y 601 : |
| Remainder of title | del progresso de la conuersion y christiandad de aquellas partes. Sacada de las cartas generales que han venido de alla. |
| 260 ## - PUBLICATION, DISTRIBUTION, ETC. | |
| Place of publication, distribution, etc. | Vallodolid, |
| Name of publisher, distributor, etc. | L. Sanchez, |
| Date of publication, distribution, etc. | 1604. |
| 300 ## - PHYSICAL DESCRIPTION | |
| Extent | 682 p. |
| Dimensions | 19 cm. |
| 336 ## - CONTENT TYPE | |
| Content type term | text |
| Content type code | txt |
| Source | rdacontent |
| 337 ## - MEDIA TYPE | |
| Media type term | unmediated |
| Media type code | n |
| Source | rdamedia |
| 338 ## - CARRIER TYPE | |
| Carrier type term | volume |
| Carrier type code | nc |
| Source | rdacarrier |
| 610 20 - SUBJECT ADDED ENTRY--CORPORATE NAME | |
| Corporate name or jurisdiction name as entry element | Jesuits |
| General subdivision | Missions. |
| 650 #0 - SUBJECT ADDED ENTRY--TOPICAL TERM | |
| Topical term or geographic name entry element | Missions |
| Geographic subdivision | Japan. |
| 650 #0 - SUBJECT ADDED ENTRY--TOPICAL TERM | |
| Topical term or geographic name entry element | Missions |
| Geographic subdivision | China. |
| 650 #0 - SUBJECT ADDED ENTRY--TOPICAL TERM | |
| Topical term or geographic name entry element | Missions |
| Geographic subdivision | India. |
| 700 1# - ADDED ENTRY--PERSONAL NAME | |
| Personal name | Collaço, Antonio, |
| Dates associated with a name | 1568-1647, |
| Relator term | tr. |
| 906 ## - LOCAL DATA ELEMENT F, LDF (RLIN) | |
| a | 0 |
| b | cbc |
| c | premunv |
| d | u |
| e | ncip |
| f | 19 |
| g | y-gencatlg |
| 985 ## - | |
| -- | rblacfederal |
| -- | 20190214 |
| 991 ## - | |
| -- | c-GenColl |
| -- | BV2290 |
| -- | .G85 (Rare Bk. Coll.) |
| -- | Copy 1 |
| -- | PREM |
| Withdrawn status | Lost status | Damaged status | Not for loan | Home library | Current library | Shelving location | Date acquired | Total checkouts | Full call number | Barcode | Date last seen | Price effective from | Koha item type |
|---|---|---|---|---|---|---|---|---|---|---|---|---|---|
| Institut Protestant de Théologie | Institut Protestant de Théologie | General stacks | 22/03/2026 | BV2290 | LOC-IPT-00041 | 22/03/2026 | 22/03/2026 | Books |